00273nam a2200109Ia 4500008004100000100002700041245003200068260002900100650001000129942000700139999001700146190216s9999||||xx |||||||||||||| ||und|| a"Mohumn. R, Sharma. M" 0aHindi- Ruus Ki Lokkathiayan bPrashanth Prakasanc2010 aHindi cBK c16853d16853